000 00311nam a22001337a 4500
008 171023b xxu||||| |||| 00| 0 eng d
020 _a2900716750078
041 _aeng
080 _a311
100 _a55
101 _aSTA
245 _aSTASTISTICS FOR THE BEHAVIORAL SCIENCES
_cNOLAN.S.A
942 _2udc
_cBK
999 _c35508
_d35508